| 000 | 00979nam a2200289 a 4500 | ||
|---|---|---|---|
| 001 | 000007334 | ||
| 003 | DO-SdBNP | ||
| 005 | 20250527115318.0 | ||
| 008 | 090908s2000 dr 000 0 spa d | ||
| 040 |
_aDO-SdBNP _bspa _cBNPHU |
||
| 082 |
_a658.4 _bA485a, 2000 |
||
| 100 | 1 |
_aAmaro Guzmán, Raymundo _9656 |
|
| 245 | 1 | 0 |
_aAdministración de empresas / _cRaymundo Amaro Guzmán. |
| 260 |
_aSanto Domingo : _bTiempo, _c2000. |
||
| 300 |
_a498 p. : _bil. ; _c21 cm. |
||
| 490 | 1 |
_aAdministración de empresas ; _v1 |
|
| 504 | _aIncluye bibliografía y notas al pie de páginas. | ||
| 504 | _aBibliografía : p. 495-498. | ||
| 590 | _aInventariado, 2018/ YL | ||
| 650 | 0 |
_aAdministración industrial _95872 |
|
| 650 | 0 |
_aPlanificación empresarial _91780 |
|
| 650 | 4 |
_aPlanificación estratégica _92433 |
|
| 650 | 4 |
_aCrecimiento empresarial _920170 |
|
| 830 | 0 |
_aAdministración de empresas ; _n1 _920394 |
|
| 910 | _aValidado. Control de calidad. EMS | ||
| 942 |
_2ddc _cLBS1 |
||
| 999 |
_c7115 _d7115 |
||